000 01002ngm a22003610a 4500
001 PT58525
003 AR-LpoUNG
005 20210202000136.0
007 vd cvaizq
008 191001s2007||||ag |||||||||||||||||spa d
040 _aAR-LpoUNG
_bspa
_cAR-LpoUNG
_eaacr
041 _aspa
044 _aag
082 0 _a304.6 24bia
100 1 _aIglesias, Sergio
_edir.
245 1 0 _aBialet Massé :
_bun siglo después
260 _aBuenos Aires :
_bCine Ojo,
_c2007.
300 _aDVD (91 min.) : son., col.
505 0 _aDirección, sonido y música: Sergio Iglesias. Cámara: Andrei Durán. Calificación: ATP
650 4 _aARGENTINA
650 4 _aASPECTOS ECONOMICOS
650 4 _aCOMUNIDADES
650 4 _aCOMUNIDADES RURALES
650 4 _aCONFLICTOS SOCIALES
650 4 _aPOBLACION RURAL
650 4 _aTRABAJADORES RURALES
651 4 _aArgentina
653 _aBIALET MASSE, JUAN
653 _aCINE ARGENTINO
653 _aDOCUMENTALES
905 _a58525
942 _cDVD
999 _c54174
_d54174